[Event "Veteranos Aragón. Máster 50"]
[Site "?"]
[Date "2019.??.??"]
[Round "?"]
[White "LLANES, Ricardo"]
[Black "MERIN, Miguel Ángel"]
[Result "1-0"]
[WhiteElo "2201"]
[BlackElo "1700"]
[PlyCount "91"]
[EventDate "2019.04.28"]

1. e4 c6 2. d4 d5 3. exd5 cxd5 4. Nf3 Nc6 5. c3 Bg4 6. Bb5 a6 7. Bxc6+ bxc6 8.
Qa4 Bd7 9. Ne5 c5 10. Nxd7 Qxd7 11. Qxd7+ Kxd7 12. dxc5 e5 13. Be3 f5 14. f3
Nf6 15. Nd2 Kc6 16. b4 Be7 17. Nb3 Bd8 18. a4 Bc7 19. O-O h6 20. f4 Ng4 21.
Rfe1 g6 22. fxe5 Nxe5 23. Nd4+ Kd7 24. c6+ Nxc6 25. Nb3 Ne5 26. Nc5+ Kc6 27.
Bf4 Rhe8 28. Re3 Nf7 29. Rxe8 Rxe8 30. Bxc7 Kxc7 31. Nxa6+ Kd6 32. Rd1 Ne5 33.
b5 Nc4 34. Nb4 Re5 35. Rd4 g5 36. Nxd5 Kc5 37. Nb4 Nb2 38. Rd2 Re1+ 39. Kf2 Rb1
40. Nd3+ Nxd3+ 41. Rxd3 Rb2+ 42. Kf1 Rb3 43. Rh3 Ra3 44. Rxh6 Rxa4 45. b6 Rc4
$4 46. b7 1-0

[Event "Veteranos Aragón. Máster 50"]
[Site "?"]
[Date "2019.??.??"]
[Round "?"]
[White "NAVARRO, Jesús"]
[Black "ROCHE, Manuel Ángel"]
[Result "0-1"]
[WhiteElo "1695"]
[BlackElo "2129"]
[PlyCount "98"]
[EventDate "2019.04.28"]

1. e4 c5 2. Nf3 Nc6 3. d4 cxd4 4. Nxd4 Nf6 5. Nc3 d6 6. f3 e5 7. Nb3 Be7 8. Bg5
h6 9. Be3 O-O 10. Qd2 Be6 11. O-O-O a5 12. Kb1 a4 13. Nc1 a3 14. b3 Nb4 15. Nd3
Qa5 16. Nxb4 Qxb4 17. Nd5 Nxd5 18. exd5 Qxd2 19. Rxd2 Bd7 20. g4 f5 21. Be2
fxg4 22. fxg4 Bh4 23. Rdd1 Bf2 24. Bc1 b5 25. g5 hxg5 26. Bxg5 Bc5 27. Rdf1 b4
28. Rxf8+ Rxf8 29. Rf1 Bf5 30. Kc1 Be4 31. Rxf8+ Kxf8 32. Bc4 Kf7 33. Bd2 Kf6
34. c3 bxc3 35. Bxc3 g5 36. b4 Bg1 37. h3 Bg2 38. Kc2 Bxh3 39. Be1 e4 40. Kb3
e3 41. b5 Bf2 42. b6 Bc8 43. Bc3+ Kf5 44. Bd4 Bb7 45. Bd3+ Kf4 46. Kc4 g4 47.
Bf6 g3 48. Be7 Ke5 49. Bh4 g2 0-1

[Event "Veteranos Aragón. Máster 50"]
[Site "?"]
[Date "2019.??.??"]
[Round "?"]
[White "BARRÓS, Ángel Luis"]
[Black "CASTERÁ, Rafael"]
[Result "1-0"]
[WhiteElo "2076"]
[BlackElo "1671"]
[PlyCount "31"]
[EventDate "2019.04.28"]

1. e4 g6 2. d4 Bg7 3. c4 c5 4. Nf3 Nc6 5. d5 Ne5 6. Nxe5 Bxe5 7. Be2 d6 8. O-O
e6 9. Nd2 exd5 10. cxd5 Bd7 11. Nc4 Qe7 12. a4 f5 13. exf5 Bxf5 14. Nxe5 Qxe5
15. Bb5+ Bd7 $4 16. Re1 1-0

[Event "Veteranos Aragón. Máster 50"]
[Site "?"]
[Date "2019.??.??"]
[Round "?"]
[White "SÁNCHEZ, José María"]
[Black "SÁNCHEZ, Roberto"]
[Result "0-1"]
[WhiteElo "1651"]
[BlackElo "2037"]
[PlyCount "120"]
[EventDate "2019.04.28"]

1. d4 g6 2. Bf4 d6 3. e3 Bg7 4. c3 e6 5. Nf3 h6 6. Nbd2 a6 7. Be2 Nd7 8. Qc2
Ne7 9. O-O O-O 10. Rad1 b6 11. Bd3 Bb7 12. Be4 Bxe4 13. Nxe4 Qe8 14. h3 f5 15.
Ned2 g5 16. Bh2 a5 17. e4 g4 18. hxg4 fxg4 19. Ne1 h5 20. Nd3 Bh6 21. f4 h4 22.
g3 h3 23. Rde1 Qg6 24. Qd1 Kh8 25. Qe2 Rae8 26. Nc4 Rg8 27. e5 d5 28. Ne3 Nf5
29. Nxf5 Qxf5 30. Nc1 Kh7 31. Qd3 Kg6 32. Qxf5+ Kxf5 33. Kf2 a4 34. Nd3 c5 35.
Rc1 Rc8 36. Ke2 Bf8 37. Bg1 c4 38. Ne1 a3 39. Nc2 Ra8 40. b4 cxb3 41. axb3 b5
42. b4 Kg6 43. Ne3 Kf7 44. f5 Bh6 45. f6 Nb6 46. Ra1 Bxe3 47. Bxe3 Rh8 48. Bg5
Kg6 49. Bh4 Rh7 50. Rf4 Kh5 51. Kd3 Rf7 52. Rf2 Nc4 53. Raa2 Rc8 54. Ra1 Rcf8
55. Rfa2 Kg6 56. Rc1 Rh8 57. Rg1 Rh5 58. Rf1 Rxh4 59. gxh4 Kh5 60. Raa1 Kxh4
0-1

[Event "Veteranos Aragón. Máster 50"]
[Site "?"]
[Date "2019.??.??"]
[Round "?"]
[White "JUBERÍAS, Santiago"]
[Black "GONZÁLEZ, Arturo"]
[Result "1-0"]
[WhiteElo "2009"]
[BlackElo "1641"]
[PlyCount "37"]
[EventDate "2019.04.28"]

1. c4 e6 2. g3 d5 3. Bg2 Nf6 4. Nf3 Be7 5. O-O O-O 6. d4 dxc4 7. Nbd2 Nbd7 8.
Qc2 Re8 9. e4 c6 10. Nxc4 b6 11. Re1 Bb7 12. Bf4 Nf8 13. Nfe5 Qc8 14. Rac1 c5
15. d5 exd5 16. exd5 N8d7 17. Nc6 Nxd5 18. Nxe7+ Nxe7 19. Nd6 1-0

[Event "Veteranos Aragón. Máster 50"]
[Site "?"]
[Date "2019.??.??"]
[Round "?"]
[White "CELMA, Ramón"]
[Black "FRANCO, Carlos"]
[Result "1-0"]
[WhiteElo "1587"]
[BlackElo "1978"]
[PlyCount "71"]
[EventDate "2019.04.28"]

1. d4 Nf6 2. c4 e6 3. Nc3 Bb4 4. Qc2 c5 5. e3 Nc6 6. dxc5 Bxc5 7. Nf3 O-O 8. a3
b6 9. b4 Be7 10. Bb2 a5 11. b5 Nb8 12. Bd3 Bb7 13. Ne4 h6 14. O-O d6 15. Nxf6+
Bxf6 16. Be2 Bxb2 17. Qxb2 Qc7 18. Rac1 Nd7 19. Nd4 Rac8 20. Bf3 Ne5 21. Bxb7
Qxb7 22. Qb3 Rc5 23. f4 Nd7 24. Nc6 Nb8 25. Nd4 Rfc8 26. Rc3 Qc7 27. Rfc1 d5
28. Nc6 Nxc6 29. cxd5 Nd8 30. Rxc5 bxc5 31. b6 Qb7 32. dxe6 Nxe6 33. Qb5 Rc6
34. Rb1 a4 $4 35. Qxc6 Qxc6 36. b7 1-0

[Event "Veteranos Aragón. Máster 50"]
[Site "?"]
[Date "2019.??.??"]
[Round "?"]
[White "GINÉS, Pedro"]
[Black "CALVO, Juan Alberto"]
[Result "1-0"]
[WhiteElo "1958"]
[BlackElo "1572"]
[PlyCount "79"]
[EventDate "2019.04.28"]

1. d4 Nf6 2. Nf3 g6 3. c4 c5 4. g3 Bg7 5. Bg2 O-O 6. O-O d6 7. Nc3 a6 8. dxc5
dxc5 9. Qxd8 Rxd8 10. Be3 Be6 11. Bxc5 Nc6 12. Bb6 Rdc8 13. c5 Nd5 14. Na4 Rab8
15. Ng5 Nxb6 16. Nxb6 Rd8 17. Nxe6 fxe6 18. Rfd1 Bxb2 19. Rab1 Ba3 20. Nd7 Rbc8
21. Bxc6 bxc6 22. Rd3 Rxd7 23. Rxd7 Bxc5 24. Rbb7 Bd6 25. Rb6 c5 26. Ra7 c4 27.
Raxa6 e5 28. Rc6 Rb8 29. Rxc4 Rb1+ 30. Kg2 Rb2 31. Kf3 Kf7 32. Ke3 Rb5 33. Kd3
Rd5+ 34. Kc2 Ke6 35. a4 e4 36. Rxe4+ Kf5 37. Rc4 Re5 38. g4+ Ke6 39. e4 h5 $4
40. f4 1-0

[Event "Veteranos Aragón. Máster 50"]
[Site "?"]
[Date "2019.??.??"]
[Round "?"]
[White "REGUERA, Moisés"]
[Black "GUTIERREZ, José Antonio"]
[Result "1-0"]
[WhiteElo "1521"]
[BlackElo "1933"]
[PlyCount "35"]
[EventDate "2019.04.28"]

1. d4 Nf6 2. c4 c5 3. d5 b5 4. cxb5 a6 5. bxa6 Bxa6 6. Nc3 d6 7. e4 Bxf1 8.
Kxf1 g6 9. g3 Bg7 10. Kg2 O-O 11. Nf3 Nbd7 12. a4 Qb6 13. Qe2 Ng4 14. Bd2 Nge5
15. Rhb1 Qb3 16. Ra3 Qc2 $4 17. Ne1 Qxb1 18. Nxb1 1-0

[Event "Veteranos Aragón. Máster 50"]
[Site "?"]
[Date "2019.??.??"]
[Round "?"]
[White "ÁLVAREZ, Miguel Ángel"]
[Black "FERNÁNDEZ, Pedro José"]
[Result "1/2-1/2"]
[WhiteElo "1817"]
[BlackElo "1502"]
[PlyCount "72"]
[EventDate "2019.04.28"]

1. c4 c6 2. Nc3 Nf6 3. g3 d5 4. cxd5 cxd5 5. d4 Bf5 6. Bg2 e6 7. Nf3 h6 8. O-O
Bd6 9. Re1 Nc6 10. a3 O-O 11. Nh4 Bh7 12. e4 dxe4 13. Nxe4 Be7 14. Nc5 Nd7 15.
Nxb7 Qc7 16. Qa4 Rac8 17. Bxc6 Qxc6 18. Qxc6 Rxc6 19. b4 Bxh4 20. gxh4 Nf6 21.
Nc5 Nd5 22. Bd2 Rb8 23. Kg2 Ne7 24. h5 Rd8 25. Be3 Rd5 26. b5 Rc8 27. a4 Rxh5
28. Rec1 Nd5 29. Nd7 Be4+ 30. Kg1 Rd8 31. Ne5 Nxe3 32. fxe3 Rg5+ 33. Kf1 Rg2
34. Nc6 Bxc6 35. Rxc6 Rxh2 36. Rac1 Ra2 1/2-1/2

[Event "Veteranos Aragón. Máster 50"]
[Site "?"]
[Date "2019.??.??"]
[Round "?"]
[White "LEBRÓN, José María"]
[Black "FERNÁNDEZ, Tomás"]
[Result "1-0"]
[WhiteElo "1784"]
[BlackElo "1409"]
[PlyCount "121"]
[EventDate "2019.04.28"]

1. e4 e5 2. Nf3 Nf6 3. Nc3 Nc6 4. d4 exd4 5. Nxd4 Bb4 6. Nxc6 bxc6 7. Bd3 d5 8.
exd5 cxd5 9. O-O O-O 10. Bg5 c6 11. Qf3 Be7 12. h3 h6 13. Bh4 Rb8 14. b3 Rb4
15. Bg3 Bd6 16. a3 Rb8 17. Rfe1 Be6 18. Bh4 Be7 19. Ne2 Nh7 20. Bxe7 Qxe7 21.
Nf4 Qd6 22. Re2 Ng5 23. Qg3 Ne4 24. Bxe4 dxe4 25. Nxe6 Qxe6 26. f3 Qf6 27. Rae1
exf3 28. Qxf3 Qd6 29. Qc3 Rbd8 30. Qe5 Qxa3 31. Qc7 Rc8 32. Qb7 Rb8 33. Qxc6
Rbc8 34. Qd5 Rfd8 35. Qf5 Qc5+ 36. Qxc5 Rxc5 37. Re8+ Rxe8 38. Rxe8+ Kh7 39. c4
a5 40. Ra8 Kg6 41. Ra7 f5 42. Ra6+ Kg5 43. Kf2 h5 44. Kf3 h4 45. Ke3 f4+ 46.
Kd4 Rf5 47. Ke4 Rc5 48. Rb6 a4 49. Kd4 Rf5 50. bxa4 f3 51. gxf3 Rxf3 52. c5
Rxh3 53. c6 Rh1 54. c7 Rc1 $4 55. Rb5+ Kf4 56. Rc5 Rd1+ 57. Kc4 Rc1+ 58. Kb5
Rb1+ 59. Kc6 h3 60. c8=Q h2 61. Qc7+ 1-0

[Event "Veteranos Aragón. Máster 50"]
[Site "?"]
[Date "2019.??.??"]
[Round "?"]
[White "SANTOS, Higinio"]
[Black "OCABO, Pedro Arístides"]
[Result "0-1"]
[WhiteElo "1392"]
[BlackElo "1775"]
[PlyCount "112"]
[EventDate "2019.04.28"]

1. d4 g6 2. e4 d6 3. c4 Bg7 4. Nc3 Nf6 5. f3 O-O 6. Be3 Nc6 7. Qd2 e5 8. d5 Ne7
9. Bh6 Nh5 10. Bxg7 Nxg7 11. g4 f5 12. gxf5 gxf5 13. O-O-O Bd7 14. h4 Ng6 15.
h5 Nf4 16. Nh3 fxe4 17. Nxf4 Rxf4 18. h6 Nf5 19. Qg2+ Kh8 20. fxe4 Qe7 21. exf5
Bxf5 22. Be2 Rg8 23. Qh2 Qg5 24. Rd2 Rd4 25. Bh5 Bg6 26. Bxg6 Rxg6 27. Qf2 Rf6
28. Qe2 Rxh6 29. Rxh6 Qxh6 30. Kc2 Qg6+ 31. Kb3 Rf4 32. Qg2 Qf7 33. Ne4 Rf3+
34. Kb4 Qf4 35. Rf2 Rxf2 36. Qxf2 Qxf2 37. Nxf2 h5 38. c5 h4 39. cxd6 cxd6 40.
a4 Kh7 41. Kb5 Kg6 42. a5 Kf5 43. a6 bxa6+ 44. Kc6 $4 e4 45. Kxd6 e3 46. Nd3 h3
47. Nc1 Ke4 48. Ne2 h2 49. Kc6 Kf3 50. Nd4+ Kf2 51. d6 h1=Q+ 52. Kc7 Qc1+ 53.
Kd8 Qc5 54. Ke7 Qxd4 55. d7 e2 56. d8=Q e1=Q+ 0-1

[Event "Veteranos Aragón. Máster 50"]
[Site "?"]
[Date "2019.??.??"]
[Round "?"]
[White "TORCAL, Alfonso"]
[Black "SÁNCHEZ, Ricardo"]
[Result "1-0"]
[WhiteElo "1761"]
[BlackElo "1387"]
[PlyCount "91"]
[EventDate "2019.04.28"]

1. c4 g6 2. Nc3 Bg7 3. Nf3 d6 4. g3 Nd7 5. Bg2 c5 6. O-O Ngf6 7. a3 Rb8 8. Rb1
b6 9. b4 Bb7 10. d3 O-O 11. Bd2 h6 12. d4 cxd4 13. Nxd4 Bxg2 14. Kxg2 Qc7 15.
Ncb5 Qb7+ 16. Kg1 a6 17. Nc3 Rfc8 18. Qb3 Ne4 19. Nxe4 Qxe4 20. e3 Ne5 21. Rbc1
Qa8 22. f4 Ng4 23. h3 Nf6 24. b5 Ne4 25. Be1 Nc5 26. Qc2 e6 27. Nc6 Rb7 28. Bb4
axb5 29. cxb5 d5 30. Bxc5 bxc5 31. Qxc5 Kh7 32. Rb1 Bf8 33. Qc3 Qa4 34. Qd3
Bxa3 35. Rf2 Qc4 36. Qxa3 Rxc6 37. Rfb2 Rcb6 38. Rb4 Qe2 39. Qb2 Qxe3+ 40. Qf2
Qd3 41. R1b3 Qf5 42. Kg2 f6 $4 43. g4 Rxb5 44. gxf5 Rxb4 45. Rxb4 Rxb4 46. Qa7+
1-0

[Event "Veteranos Aragón. Máster 50"]
[Site "?"]
[Date "2019.??.??"]
[Round "?"]
[White "COLÓN, Antonio"]
[Black "PÉREZ, Pedro"]
[Result "0-1"]
[WhiteElo "1293"]
[BlackElo "1759"]
[PlyCount "70"]
[EventDate "2019.04.28"]

1. e4 Nf6 2. e5 Nd5 3. c4 Nb6 4. c5 Nd5 5. d4 e6 6. Bc4 d6 7. Bxd5 exd5 8. cxd6
cxd6 9. exd6 Bxd6 10. Nc3 Be6 11. Nf3 h6 12. O-O Nd7 13. Nb5 Bb8 14. Re1 O-O
15. Qd3 a6 16. Nc3 Re8 17. Bd2 Bd6 18. Rac1 Qf6 19. h3 Nb6 20. Ne5 Bf5 21. Qg3
Rad8 22. b3 Bb8 23. f4 Nc8 24. Qf3 Ne7 25. g4 Bc8 26. Qg3 Ng6 27. g5 hxg5 28.
fxg5 Qf5 29. Rf1 Qxh3 30. Qxh3 Bxh3 31. Nxf7 Rd7 32. Rf3 Bg4 33. Rf2 Rxf7 34.
Nxd5 $4 Rxf2 35. Nf6+ Rxf6 0-1

[Event "Veteranos Aragón. Máster 50"]
[Site "?"]
[Date "2019.??.??"]
[Round "?"]
[White "ASÍN, Pedro José"]
[Black "ÁLVARO, Gonzalo"]
[Result "1-0"]
[WhiteElo "1735"]
[BlackElo "1285"]
[PlyCount "51"]
[EventDate "2019.04.28"]

1. e4 c6 2. d4 d5 3. Nc3 dxe4 4. Nxe4 Bf5 5. Ng3 Bg6 6. f4 e6 7. Nf3 Nd7 8. Bd3
Bxd3 9. Qxd3 Ngf6 10. O-O h6 11. f5 exf5 12. Nxf5 Qc7 13. Re1+ Kd8 14. Ne5 Nxe5
15. dxe5+ Nd7 16. Bf4 Qb6+ 17. Kh1 Kc8 18. e6 fxe6 19. Rxe6 Bc5 20. Nd6+ Bxd6
21. Rxd6 Rd8 22. Rd1 Qc7 23. Qf5 b6 24. Rxd7 Rxd7 25. Bxc7 Kxc7 26. Qxd7+ 1-0

[Event "Veteranos Aragón. Máster 50"]
[Site "?"]
[Date "2019.??.??"]
[Round "?"]
[White "ALVIRA, José Antonio"]
[Black "RODRÍGUEZ, Jorge"]
[Result "0-1"]
[WhiteElo "1240"]
[BlackElo "1725"]
[PlyCount "146"]
[EventDate "2019.04.28"]

1. e4 c5 2. Nf3 Nc6 3. d4 cxd4 4. Nxd4 g6 5. Be3 Nf6 6. Bd3 Bg7 7. c3 d6 8. Nd2
Bd7 9. N2f3 Ng4 10. h3 Nxe3 11. fxe3 Ne5 12. Nxe5 dxe5 13. Nf3 Qb6 14. Qe2 O-O
15. O-O Bc6 16. a4 Qc5 17. Ng5 Bf6 18. Nf3 Bd7 19. Qf2 Be6 20. h4 Rad8 21. Be2
Bc4 22. Bxc4 Qxc4 23. h5 Qxe4 24. Nd2 Qh4 25. Nf3 Qxf2+ 26. Rxf2 Rd3 27. Re2
Rfd8 28. Kf2 e4 29. Nd4 e5 30. Nb5 a6 31. Na3 Bg7 32. g4 gxh5 33. gxh5 R8d6 34.
Rg1 Kf8 35. Nc4 Re6 36. a5 Bh6 37. Kg2 Bg5 38. Kh3 h6 39. Rg4 f5 40. Rg1 f4 41.
Rf1 f3 42. Kg4 Ke7 43. Rd2 Rxd2 44. Nxd2 Bxe3 45. Nxe4 f2 46. b4 Rc6 47. Nxf2
Rf6 48. Kg3 Bd2 49. Kg2 Bxc3 50. Ne4 Rxf1 51. Kxf1 Bxb4 52. Kf2 Bxa5 53. Kf3 b5
54. Nc5 Bc3 55. Nxa6 b4 56. Nc5 Kd6 57. Ne4+ Kd5 58. Nf6+ Kd4 59. Ng4 Bd2 60.
Ke2 Bf4 61. Nf2 Kc3 62. Nd3 b3 63. Nxf4 exf4 64. Kf3 b2 65. Kxf4 b1=Q 66. Ke5
Qd3 67. Kf6 Qd5 68. Kg6 Qe6+ 69. Kg7 Kd4 70. Kh7 Ke5 71. Kh8 Kf6 72. Kh7 Qe8
73. Kxh6 Qh8# 0-1

[Event "Veteranos Aragón. Máster 50"]
[Site "?"]
[Date "2019.??.??"]
[Round "?"]
[White "DOMINGO, Agustín"]
[Black "CORCUERA, Alfredo"]
[Result "1-0"]
[WhiteElo "1709"]
[BlackElo "1045"]
[PlyCount "47"]
[EventDate "2019.04.28"]

1. e4 c5 2. Nf3 Nc6 3. d4 e6 4. c3 d6 5. Bb5 Bd7 6. O-O cxd4 7. cxd4 Be7 8. Nc3
Rc8 9. Be3 a6 10. Ba4 b5 11. Bb3 Nf6 12. e5 dxe5 13. dxe5 Ng8 14. a3 Qc7 15.
Bd4 Nxd4 16. Qxd4 Bc5 17. Qg4 g6 18. Ne4 Be7 19. h3 Qd8 20. Rfd1 Nh6 21. Qf4
Nf5 22. g4 Nh4 23. Nxh4 Bxh4 24. Nd6+ 1-0

[Event "Veteranos Aragón. Máster 50"]
[Site "?"]
[Date "2019.??.??"]
[Round "?"]
[White "TORCAL, Alfonso"]
[Black "LLANES, Ricardo"]
[Result "0-1"]
[WhiteElo "1761"]
[BlackElo "2201"]
[PlyCount "52"]
[EventDate "2019.04.28"]

1. c4 e5 2. Nc3 g6 3. Nf3 Bg7 4. g3 f5 5. d3 d6 6. Bg5 Nf6 7. Nd5 Nbd7 8. Bg2
h6 9. Nxf6+ Nxf6 10. Bd2 O-O 11. O-O g5 12. Qb3 Kh8 13. Bc3 Rb8 14. Nd2 Qe7 15.
Qc2 c6 16. b4 d5 17. b5 e4 18. dxe4 dxe4 19. e3 Be6 20. Be5 Rbc8 21. Qa4 Rfd8
22. Rfd1 cxb5 23. cxb5 Nd5 24. Bxg7+ Qxg7 25. Qb3 Nf4 26. Qb1 Ne2+ 0-1

[Event "Veteranos Aragón. Máster 50"]
[Site "?"]
[Date "2019.??.??"]
[Round "?"]
[White "ROCHE, Manuel Ángel"]
[Black "ASÍN, Pedro José"]
[Result "0-1"]
[WhiteElo "2129"]
[BlackElo "1735"]
[PlyCount "144"]
[EventDate "2019.04.28"]

1. e4 e5 2. Nf3 Nc6 3. d4 exd4 4. Nxd4 Bb4+ 5. c3 Bc5 6. Be3 Bb6 7. Nf5 Bxe3 8.
Nxe3 d6 9. c4 Nf6 10. Nc3 O-O 11. Be2 Re8 12. f3 Ne5 13. Qd2 a6 14. O-O-O Bd7
15. Kb1 b5 16. cxb5 axb5 17. Bxb5 Bxb5 18. Nxb5 Qd7 19. Nc3 Reb8 20. Kc2 Qc6
21. Ra1 Nfd7 22. f4 Nc4 23. Nxc4 Qxc4 24. Qd5 Qb4 25. Rhb1 Ra5 26. Qd2 Rc5 27.
Kd1 Nf6 28. a3 Qc4 29. Qe2 Qd4+ 30. Ke1 Re8 31. Kf1 Nxe4 32. Rd1 Qc4 33. Qxc4
Rxc4 34. Re1 Nd2+ 35. Kg1 Rxe1+ 36. Rxe1 Kf8 37. Re2 Nb3 38. g3 Rd4 39. Kf2 Rd2
40. Rxd2 Nxd2 41. Nb5 Nc4 42. b3 Na5 43. b4 Nc4 44. a4 c5 45. bxc5 dxc5 46. Ke2
Ke7 47. Nc3 f5 48. Kd3 Na5 49. Nd5+ Ke6 50. Ne3 g6 51. Nc4 Nc6 52. a5 Kd5 53.
Kc3 Nd4 54. Ne5 Nb5+ 55. Kd3 Nd6 56. a6 c4+ 57. Kc2 Nb5 58. Nd7 Kd4 59. Nb8 Ke3
60. Nc6 Kf2 61. a7 $4 Nxa7 62. Nxa7 Kg2 63. Nc6 Kxh2 64. Ne5 Kxg3 65. Nxc4 Kxf4
66. Kd2 h5 67. Ke2 Kg3 68. Nd2 f4 69. Ne4+ Kg2 70. Nd2 h4 71. Nf3 Kg3 72. Ng1
h3 0-1

[Event "Veteranos Aragón. Máster 50"]
[Site "?"]
[Date "2019.??.??"]
[Round "?"]
[White "SÁNCHEZ, Roberto"]
[Black "DOMINGO, Agustín"]
[Result "1/2-1/2"]
[WhiteElo "2037"]
[BlackElo "1709"]
[PlyCount "124"]
[EventDate "2019.04.28"]

1. g3 e5 2. Bg2 Nf6 3. e4 Be7 4. Nc3 Nc6 5. Nge2 d6 6. h3 O-O 7. O-O Ne8 8. Nd5
f5 9. Nxe7+ Qxe7 10. exf5 Bxf5 11. d3 Rd8 12. g4 Be6 13. d4 Bc4 14. Bxc6 bxc6
15. b3 Bd5 16. f3 Bxf3 17. Qe1 e4 18. Nf4 Qf6 19. c3 d5 20. Ng2 Nd6 21. Nh4
Rde8 22. Qg3 g5 23. Ng2 Re7 24. Ba3 Ref7 25. Bxd6 Qxd6 26. Qxd6 cxd6 27. Ne3
Rf6 28. Kh2 Kf7 29. Nf5 h5 30. Kg3 h4+ 31. Kh2 Re8 32. Kg1 Kg6 33. Rae1 Ree6
34. Ne3 Rf7 35. Rf2 Ref6 36. Ref1 Rf4 37. Re1 R4f6 38. b4 Rb7 39. Rb2 a6 40. a3
Kf7 41. Rf2 Ke6 42. Rd2 Rb5 43. Kh2 a5 44. Kg1 axb4 45. axb4 Rb8 46. Ra1 Rf7
47. Ra6 Rc7 48. Kf2 Rf8 49. Nf5 Rxf5 50. gxf5+ Kxf5 51. Ke3 g4 52. hxg4+ Kxg4
53. Ra1 h3 54. Rg1+ Kf5 55. Rh2 Rh7 56. Rg8 Rh5 57. Kf2 Rh4 58. Rf8+ Kg4 59.
Rg8+ Kh5 60. Rh8+ Kg4 61. Rg8+ Kf5 62. Rf8+ Kg4 1/2-1/2

[Event "Veteranos Aragón. Máster 50"]
[Site "?"]
[Date "2019.??.??"]
[Round "?"]
[White "RODRÍGUEZ, Jorge"]
[Black "JUBERÍAS, Santiago"]
[Result "0-1"]
[WhiteElo "1725"]
[BlackElo "2009"]
[PlyCount "80"]
[EventDate "2019.04.28"]

1. d4 Nf6 2. c4 g6 3. Nc3 Bg7 4. e4 d6 5. Be2 O-O 6. Be3 e5 7. d5 a5 8. g4 Na6
9. g5 Nd7 10. h4 f5 11. gxf6 Nxf6 12. h5 Nc5 13. hxg6 Ncxe4 14. gxh7+ Kh8 15.
Nf3 Nxc3 16. bxc3 Qe8 17. Nh4 Bd7 18. Qc2 e4 19. O-O-O Ng4 20. Rdg1 Nxe3 21.
fxe3 Rf6 22. Qd1 Rh6 23. Rg5 Kxh7 24. Rhg1 Bf6 25. Rg6 Qe5 26. Rxh6+ Kxh6 27.
Rh1 Qxc3+ 28. Qc2 Qxe3+ 29. Qd2 Qxd2+ 30. Kxd2 Bg5+ 31. Kc2 Bxh4 32. Rxh4+ Kg5
33. Rh7 Bf5 34. Rxc7 Kf4 35. Rf7 Rh8 36. Rg7 Rh2 37. Kd1 Ke3 38. Rg3+ Kf2 39.
Rc3 e3 40. Bd3 Bxd3 0-1

[Event "Veteranos Aragón. Máster 50"]
[Site "?"]
[Date "2019.??.??"]
[Round "?"]
[White "GARCÍA, Jorge"]
[Black "CELMA, Ramón"]
[Result "1-0"]
[WhiteElo "1807"]
[BlackElo "1587"]
[PlyCount "65"]
[EventDate "2019.04.28"]

1. e4 d5 2. exd5 Qxd5 3. Nc3 Qa5 4. d4 Nf6 5. Bd2 c6 6. Nf3 Bg4 7. Bc4 Qc7 8.
Qe2 e6 9. O-O-O Nbd7 10. h3 Bxf3 11. Qxf3 Bd6 12. g4 h6 13. h4 O-O-O 14. Kb1
Nb6 15. Bd3 Rdf8 16. g5 Nfd5 17. Ne4 Bf4 18. c4 Bxd2 19. cxd5 Bf4 20. dxc6 bxc6
21. Ba6+ Kd8 22. Nc5 Ke7 23. Ne4 Nd5 24. Bc4 Rb8 25. Rhe1 Rb4 26. Bxd5 cxd5 27.
Nc3 Kd7 28. g6 f6 29. Nxd5 Rxb2+ $4 30. Kxb2 Rb8+ 31. Ka1 exd5 32. Qxd5+ Qd6
33. Qf7+ 1-0

[Event "Veteranos Aragón. Máster 50"]
[Site "?"]
[Date "2019.??.??"]
[Round "?"]
[White "OCABO, Pedro Arístides"]
[Black "REGUERA, Moisés"]
[Result "1-0"]
[WhiteElo "1775"]
[BlackElo "1521"]
[PlyCount "71"]
[EventDate "2019.04.28"]

1. d4 Nf6 2. Bf4 g6 3. e3 Bg7 4. Nf3 O-O 5. Be2 d6 6. h3 Nbd7 7. c4 c5 8. Nc3
Qa5 9. O-O cxd4 10. exd4 e5 11. Bh2 Nh5 12. Nd5 Re8 13. Re1 Nhf6 14. b4 Qd8 15.
Nxf6+ Bxf6 16. Rc1 Qe7 17. d5 a6 18. Nd2 e4 19. Bf3 e3 20. Rxe3 Ne5 21. Bxe5
Bxe5 22. Be4 Bf4 23. Re2 Qg5 24. Nf3 Qh5 $4 25. Bxg6 Qxg6 26. Rxe8+ Kg7 27.
Qd4+ Qf6 28. Rce1 Qxd4 29. Nxd4 Be5 30. Nf3 Bf6 31. c5 a5 32. cxd6 b6 33. d7
Bb7 34. Rxa8 Bxa8 35. bxa5 Bxd5 36. axb6 1-0

[Event "Veteranos Aragón. Máster 50"]
[Site "?"]
[Date "2019.??.??"]
[Round "?"]
[White "FRANCO, Carlos"]
[Black "ÁLVAREZ, Miguel Ángel"]
[Result "1-0"]
[WhiteElo "1978"]
[BlackElo "1817"]
[PlyCount "75"]
[EventDate "2019.04.28"]

1. c4 Nf6 2. Nc3 e6 3. d4 Bb4 4. Qc2 O-O 5. a3 Bxc3+ 6. Qxc3 Ne4 7. Qc2 f5 8.
e3 c5 9. dxc5 Nxc5 10. b4 Ne4 11. Bb2 a5 12. Ne2 axb4 13. axb4 Rxa1+ 14. Bxa1
Qe7 15. Qb2 Na6 16. b5 Nac5 17. Nc3 Nxc3 18. Qxc3 b6 19. Be2 Bb7 20. O-O Qg5
21. f3 Rf6 22. Qe5 Rg6 23. Rf2 Qd8 24. Qd6 Qa8 25. Bd4 Nb3 26. Qxd7 Nxd4 27.
Qxd4 Qa7 28. Qd8+ Kf7 29. e4 Ba8 30. exf5 exf5 31. Bd3 Rf6 32. Re2 Kg6 33. g4
Bxf3 34. Bxf5+ Kh6 35. Qd2+ g5 36. h4 Qg7 37. hxg5+ Qxg5 38. Rh2+ 1-0

[Event "Veteranos Aragón. Máster 50"]
[Site "?"]
[Date "2019.??.??"]
[Round "?"]
[White "FERNÁNDEZ, Pedro José"]
[Black "ANTOÑANO, Avelino"]
[Result "0-1"]
[WhiteElo "1502"]
[BlackElo "2133"]
[PlyCount "68"]
[EventDate "2019.04.28"]

1. e4 e5 2. Bc4 Nf6 3. d3 Bc5 4. Nf3 Nc6 5. c3 O-O 6. O-O d6 7. h3 a5 8. Bb3
Bb6 9. a4 Ne7 10. Bg5 Ng6 11. Qd2 Be6 12. Bc2 c6 13. d4 Qe7 14. h4 h6 15. h5
hxg5 16. hxg6 g4 17. gxf7+ Bxf7 18. Ng5 Bc4 19. Re1 Nh7 20. Nxh7 Kxh7 21. g3 g5
22. b3 Ba6 23. Bd1 Qf6 24. Bxg4 exd4 25. Bf5+ Kg7 26. cxd4 Bxd4 27. Ra2 Rh8 28.
Kg2 Rh6 29. Rh1 Rxh1 30. Kxh1 Rh8+ 31. Kg2 Be5 32. Qxa5 Qh6 33. Qc7+ Kf6 34.
Qd7 $4 Qh1# 0-1

[Event "Veteranos Aragón. Máster 50"]
[Site "?"]
[Date "2019.??.??"]
[Round "?"]
[White "GUTIÉRREZ, José Antonio"]
[Black "GARCÍA, Mauricio"]
[Result "1-0"]
[WhiteElo "1933"]
[BlackElo "1490"]
[PlyCount "33"]
[EventDate "2019.04.28"]

1. e4 c6 2. d4 d5 3. f3 dxe4 4. fxe4 Nf6 5. e5 Nd5 6. c4 Nb6 7. Nc3 e6 8. Nf3
Be7 9. Be3 O-O 10. Bd3 f6 11. exf6 Bxf6 12. Qc2 Kh8 13. O-O-O Qe7 14. g4 g6 15.
h4 Rg8 16. g5 Bg7 17. h5 1-0

[Event "Veteranos Aragón. Máster 50"]
[Site "?"]
[Date "2019.??.??"]
[Round "?"]
[White "FERNÁNDEZ, Tomás"]
[Black "GARCÍA, Miguel Ángel"]
[Result "0-1"]
[WhiteElo "1409"]
[BlackElo "1702"]
[PlyCount "70"]
[EventDate "2019.04.28"]

1. c4 Nf6 2. Nc3 e5 3. g3 Be7 4. Bg2 c6 5. Nf3 d6 6. O-O O-O 7. d4 e4 8. Nd2 d5
9. a3 Be6 10. cxd5 cxd5 11. Nb3 Nbd7 12. f3 exf3 13. Bxf3 Qb6 14. Kh1 Rac8 15.
Be3 Ne4 16. Na4 Qb5 17. Nd2 Ndf6 18. Nxe4 dxe4 19. Bg2 Bb3 20. Nc3 Rxc3 21.
bxc3 Bxd1 22. Rfxd1 Qxe2 23. Re1 Qb2 24. c4 Ng4 25. Rab1 Qxa3 26. Bg1 f5 27.
Ra1 Qc3 28. Rec1 Qb2 29. h3 Nf2+ 30. Kh2 Qxd4 31. Rd1 Qc5 32. Ra2 e3 33. Bd5+
Kh8 34. Re1 Bg5 35. Kg2 f4 0-1

[Event "Veteranos Aragón. Máster 50"]
[Site "?"]
[Date "2019.??.??"]
[Round "?"]
[White "MERIN, Miguel Ángel"]
[Black "AMORÓS, Manuel"]
[Result "1-0"]
[WhiteElo "1700"]
[BlackElo "1483"]
[PlyCount "65"]
[EventDate "2019.04.28"]

1. d4 Nf6 2. c4 g6 3. Nc3 Bg7 4. Bg5 O-O 5. Qd2 Re8 6. Nf3 d6 7. e4 Nbd7 8. h3
c5 9. Rd1 cxd4 10. Nxd4 Nb6 11. Be2 Qc7 12. b3 a6 13. O-O Bd7 14. Bh6 Bh8 15.
Kh1 Rad8 16. f4 e5 17. Nc2 Bc6 18. f5 Nxe4 19. Nxe4 Bxe4 20. fxg6 Bxg6 21. h4
Qe7 22. Bg5 f6 23. Bh6 Bg7 24. Bxg7 Qxg7 25. Ne1 Rf8 26. Qb4 Qc7 27. Rf3 Kh8
28. Rg3 Rg8 29. h5 Be4 30. Rxg8+ Kxg8 31. c5 Nd5 32. Qxe4 Nc3 33. Qc4+ 1-0